000
00339 a2200157 4500
001
192182
020
_a
978-85-8425-362-3
040
_c
Magnum
100
_a
Rocha, Lavínia
240
1
0
_a
Entre três segredos
_l
por
245
1
0
_a
Entre três segredos
300
_a
360
362
0
_a
2016
697
_a
LITERATURA JUVENIL
942
_c
BK
999
_c
192182
_d
192182